000 00915nam a2200253 i 4500
001 176452
003 ES-MaACL
005 20251203063033.0
008 110117s1967 sp |||| | spa d
080 _a2:37
080 _a27-247
100 1 _aWeber, Jean Julien,
_cObispo de Estrasburgo
_9144778
245 1 4 _aLos Evangelios ¿merecen nuestra confianza? /
_cpor Jean-Julien Weber.
260 _aMadrid :
_bApostolado de la Prensa,
_cimp. 1967.
300 _a24 p. ;
_c23 cm.
490 1 _aCuadernos de pedagogía religiosa.
_aEscritura ;
_v9
630 0 4 _aBiblia.
_pN.T.
_pEvangelios-
_xCrítica e interpretación.
_9165820
650 4 _aReligión-
_xEnseñanza.
_9144779
710 2 _aApostolado de la Prensa.
_91403
830 0 0 _aCuadernos de pedagogía religiosa
_v9
_9190056
852 _aES-MaACL
_jE-14073 (9)
_xOlim P-1242
852 _aES-MaACL
_jC-37117(9)
999 _c176452
_d176452